000 00606nam a2200217Ia 4500
001 1742
003 GE_BSU
008 181216s||||||||xx |||||||||||||| ||und||
040 _cGE_BSU
080 _a517(075.8)
100 _aЗаварикин,В.М. Житомирский,В.Г. Лапчик,М.П.
245 _aЧисленные методы.
245 _bУчебное пособие для студ.
260 _aМосква
260 _bПросвещение
260 _c1991
300 _a174стр.
541 _h4л.
653 _aЧисленные методы.
942 _cBK
999 _c35851
_d35851